[Event "Leiden op-A 9th"]
[Site "Leiden"]
[Date "2015.07.24"]
[Round "7"]
[White "Howell, David"]
[Black "Das, Arghyadip"]
[Result "1-0"]
[WhiteElo "2698"]
[BlackElo "2457"]
[Annotator "Fischer,J"]
[PlyCount "53"]
[EventDate "2015.07.17"]
[EventType "swiss"]
[EventRounds "9"]
[EventCountry "NED"]
[SourceTitle "CBM 167 Extra"]
[Source "ChessBase"]
[SourceDate "2015.09.14"]
[SourceVersion "1"]
[SourceVersionDate "2015.09.14"]
[SourceQuality "1"]

1. d4 d5 2. c4 dxc4 3. e4 b5 4. a4 c6 5. Nc3 a6 6. axb5 cxb5 7. Nxb5 axb5 8.
Rxa8 Bb7 9. Ra1 e6 10. Be2 Nf6 11. Nf3 Nxe4 12. O-O Nc6 13. b3 {A novelty in
this sharp line.} Na5 14. Bxc4 $5 {Definitely a surprising move. White is an
exchange up but gives the bishop for two pawns. In the arising position Black
has two pieces for rook and pawn but the knight on a5 has trouble to come back
into the game.} bxc4 15. bxc4 Nc3 $6 {Black sacrificed an exchange in the
opening and is still in "fast forward mode". However, his knights find no
targets in White's camp and lack coordination. More circumspect was} (15... Be7
) ({or} 15... Nc6 {though White in both cases has nothing to complain about.})
16. Qd3 Bb4 (16... Bxf3 $2 17. Qxc3 Be2 18. Re1 $18) 17. d5 {Interrupts the
diagonal of the bishop on b7 to have time to exploit the precarious position
of the black pieces on the queenside.} Nb3 $6 {This knight attack is more than
Black's position can bear.} ({Safer was} 17... Ba6) 18. Ba3 $1 Nc5 19. Qe3 Qa5
20. Bb2 N3a4 21. Bxg7 Rg8 22. Bd4 Rg4 23. Rfb1 {Emphasizing the bad position
of Black's pieces.} Re4 24. Qg5 Rxd4 {Black gives the exchange but that does
not really help.} 25. Nxd4 Bc3 26. Qg8+ Ke7 27. Rxb7+ 1-0

[Event "Rilton Cup 45th"]
[Site "Stockholm"]
[Date "2015.12.29"]
[Round "3"]
[White "Hammer, Jon Ludvig"]
[Black "Blomqvist, Erik"]
[Result "1-0"]
[WhiteElo "2695"]
[BlackElo "2493"]
[Annotator "Fischer,J"]
[PlyCount "43"]
[EventDate "2015.12.27"]
[EventType "swiss"]
[EventRounds "9"]
[EventCountry "SWE"]
[SourceTitle "CBM 170 Extra"]
[Source "ChessBase"]
[SourceDate "2016.02.25"]
[SourceVersion "1"]
[SourceVersionDate "2016.02.25"]
[SourceQuality "1"]

1. d4 d5 2. c4 dxc4 3. e4 Nf6 4. e5 Nd5 5. Bxc4 Nb6 6. Bd3 Nc6 7. Ne2 Bg4 8. f3
Be6 9. Nbc3 Qd7 10. Ne4 Bd5 11. Nc5 Qc8 12. Bg5 {Der erste neue Zug in der
Partie, der Schwarz dazu verleitet, seine Stellung zu schwächen.} f6 $6 {
Schwächt die Königstellung und vernachlässigt die Entwicklung.} ({Sicherer
war} 12... e6) 13. Bh4 $1 {Ganz nach dem Rezept von Morphy & Co: Weiß hat
Entwicklungsvorsprung, der schwarze König steht noch in der Mitte und Weiß
opfert Material, um Linien zu öffnen.} fxe5 14. O-O exd4 15. Nf4 {Weiß hat
zwei Bauern weniger, aber Komodo beurteilt die Stellung trotzdem als
ausgeglichen. Doch wenn die Engine sich von zwei Mehrbauern nicht überzeugen
lässt, steht Schwarz bereits schwierig.} Bf7 {[#]} 16. Rc1 $3 {Eine
phantastische Idee. Weiß verzichtet auf das nahe liegende 16.Te1 und bringt
stattdessen den anderen Turm ins Spiel und droht 17.Sxb7.} e5 ({Komodo
schlägt hier} 16... g6 {vor und sieht nach} 17. Be4 Bh6 18. Nxb7 O-O 19. Bxc6
Bxf4 20. Qxd4 Bxc1 21. Rxc1 {Weiß leicht im Vorteil. Aber das sind
akademische Varianten. In der praktischen Partie ist die schwarze Stellung
schwer zu halten.}) 17. Nxb7 $1 Nb8 ({Nach} 17... Qxb7 {folgt} 18. Bb5 {
und Weiß steht auf Gewinn.}) 18. Re1 {Weiß hat nur einen Bauern weniger,
steht aber auf Gewinn, denn Schwarz ist kaum entwickelt und der schwarze
König findet keinen Schutz.} N8d7 19. Ba6 c5 20. Bb5 {Verzichtet auf den
möglichen Damengewinn mit 20.Sd6+ und fesselt stattdessen den Springer auf d7
und droht 21.Txe5+.} Qc7 21. Nd3 Nc4 {Verzweiflung.} ({Aber nach} 21... Qxb7
22. Rxe5+ Be6 23. Rxe6+ Kf7 24. Qb3 Qd5 25. Qxd5 Nxd5 26. Bxd7 {hat Weiß
einfach eine Figur mehr.}) 22. Rxc4 {Schwarz gab auf. Nach 22...Lxc4 23.Txe5+
Le6 24.Txe6+ Kf7 25.Db3 verliert Schwarz Haus und Hof.} 1-0

[Event "Hastings 9596"]
[Site "Hastings"]
[Date "1996.??.??"]
[Round "1"]
[White "Lalic, Bogdan"]
[Black "Miles, Anthony John"]
[Result "1-0"]
[WhiteElo "2590"]
[BlackElo "2600"]
[Annotator "Fritz"]
[PlyCount "97"]
[EventDate "1995.12.??"]
[EventType "tourn"]
[EventRounds "9"]
[EventCountry "ENG"]
[EventCategory "13"]
[SourceTitle "CBM 051"]
[Source "ChessBase"]
[SourceDate "1996.04.01"]
[SourceVersion "1"]
[SourceVersionDate "1996.04.01"]
[SourceQuality "1"]

1. d4 d5 2. c4 dxc4 3. e4 Nc6 4. Be3 Nf6 5. f3 e5 6. d5 Ne7 7. Bxc4 Ng6 8. Bb5+
Nd7 9. Ne2 a6 10. Bd3 Bd6 11. Qd2 Qh4+ 12. g3 Qe7 13. Nbc3 Nf6 14. h4 h6 15.
O-O-O Bd7 16. Kb1 Bc5 17. Bxc5 Qxc5 18. Rc1 Qb6 19. Nd1 c6 20. Ne3 cxd5 21.
exd5 O-O 22. Nc4 Qd8 23. g4 Bb5 24. h5 Ne7 25. d6 Nc6 26. g5 hxg5 27. Qxg5 Bxc4
28. Bxc4 Ne8 29. Rcg1 Kh8 30. Qg6 $1 Qf6 31. Nc3 $1 (31. Bd3 $5 Qxg6 32. hxg6+
Kg8 33. d7 $16) 31... Nd4 32. Ne4 Qf5 33. d7 Qxd7 (33... Nd6 34. Qxg7#) 34. Ng5
$6 (34. Nf6 $142 $1 Qf5+ (34... gxf6 35. Qh6#) 35. Bd3 $18) 34... Qf5+ 35. Qxf5
Nxf5 36. Nxf7+ Kh7 37. h6 g6 38. Nxe5 Ned6 39. Bd3 Rf6 40. Rc1 Re8 41. f4 Re7
42. Rcg1 Ree6 43. Bc2 Re7 44. Rg5 Rc7 45. a3 Ne7 46. Rhg1 Nc4 47. Nxg6 Nd2+ 48.
Ka2 Nxg6 49. Bxg6+ (49. Bxg6+ Kh8 50. Rd5 $18) 1-0

[Event "Groningen"]
[Site "Groningen"]
[Date "1995.??.??"]
[Round "4"]
[White "Karpov, Anatoly"]
[Black "Piket, Jeroen"]
[Result "1-0"]
[WhiteElo "2775"]
[BlackElo "2625"]
[Annotator "Ftacnik,L"]
[PlyCount "83"]
[EventDate "1995.12.??"]
[EventType "tourn"]
[EventRounds "11"]
[EventCountry "NED"]
[EventCategory "17"]
[SourceTitle "CBM 051"]
[Source "ChessBase"]
[SourceDate "1996.04.01"]
[SourceVersion "1"]
[SourceVersionDate "1996.04.01"]
[SourceQuality "1"]

1. d4 d5 2. c4 dxc4 3. e4 Nc6 4. Be3 Nf6 5. f3 e5 6. d5 Nd4 7. Bxd4 exd4 8.
Qxd4 c6 (8... Bb4+ 9. Nc3 O-O 10. O-O-O Nd7 11. Bxc4 Bc5 12. Qd2 c6 13. Nge2
Nb6 14. Bb3 cxd5 15. Kb1 a5 16. a3 a4 17. Ba2 Ra6 18. Nf4 d4 19. Nce2 Qf6 20.
Nd3 Be7 21. Nb4 d3 22. Nc1 Ra8 23. Ncxd3 {Rajskij,E-Donchenko,A/Katowice op 
(04)/1991/1-0 (67)}) 9. Nc3 (9. Bxc4 cxd5 10. exd5 Bd6 11. Bb5+ (11. Nc3 O-O
12. Nge2 Qc7 13. O-O-O Bd7 14. Kb1 Rfc8 15. Nb5 Bxb5 16. Bxb5 a6 17. Rc1 Bc5
18. d6 Qxd6 19. Qxd6 Bxd6 20. Bd3 h5 21. Nc3 Bf4 22. Rcd1 Rd8 23. g3 Bc7 {
1/2-1/2 Vareille,F-Sulava,N/Cannes op ;TD 89\04 1989}) 11... Bd7 12. Bxd7+ Nxd7
13. Ne2 O-O 14. Nbc3 Bc5 15. Qd3 Qg5 (15... Re8 $1 $15) 16. g3 Ne5 17. Qe4 Qe3
18. Qxe3 Bxe3 19. f4 Nd3+ 20. Kf1 Nxb2 21. Rb1 Nc4 22. Rxb7 Bb6 23. Na4 Ne3+
24. Kf2 Nxd5+ 25. Nxb6 axb6 26. Rd1 Nf6 27. Nc1 Ra6 {1/2-1/2 Timoshchenko,
G-Balashov,Y/URS-FL Sverdlovsk/1987/}) 9... Bb4 {Piket hopes for a good
compensation for his P, one has to admit that dark squares are pretty
vulnerable in white's territory.} (9... cxd5 10. O-O-O (10. e5 Nd7 11. Nxd5 Bc5
12. Qxc4 O-O) 10... Bb4 11. Bxc4 (11. e5 Bxc3 12. Qxc3 Nd7 13. Rxd5 O-O (13...
Qg5+ 14. Qd2 Qxd2+ 15. Rxd2 Nb6 16. Ne2 Bd7 17. Nc3 Bc6 18. Be2 O-O 19. Re1
Rad8 20. Rxd8 Rxd8 21. g3 Kf8 22. Rd1 Rxd1+ 23. Kxd1 Nd7 24. f4 b5 {Pereyra
Arcija,D-Scarella,E/San Luis Clarin-GP (02/1995/1-0 (65)}) 14. Bxc4 Qe7 $44)
11... Bxc3 12. bxc3 (12. Qxc3 O-O 13. exd5 (13. Kb1 Qb6 14. exd5 Bf5+ 15. Ka1
Rac8 16. Ne2 Qc5 17. Bb3 Qf2 18. Qd2 Qxg2 19. Rhg1 Qxh2 20. Qg5 Bg6 21. Nf4 Rc5
22. Qe5 Rfc8 23. a4 {1-0 Dannevig,O-Wegner,H/Gausdal Int (06) ;CBM 25 1991 (46)
}) 13... Bf5 $40) 12... O-O 13. exd5 (13. Bxd5 $5) 13... b5 14. Bb3 a5 15. Ne2
Qd6 16. Ng3 a4 17. Bc2 Qa3+ 18. Kb1 Rd8 (18... Nxd5 $1 19. Qxd5 Be6 20. Bxh7+
Kxh7 21. Qd2 Rfc8 22. Rc1 b4 $36) 19. Qb4 $1 Qxb4+ 20. cxb4 Nxd5 21. Rxd5 $1
Rxd5 22. Be4 Bb7 23. Bxd5 Bxd5 24. Rd1 Be6 25. a3 $10 {Beliavsky,A-Ehlvest,J/
URS-ch55 Moscow/1988/0.5 (41)}) 10. Qe5+ Qe7 (10... Be7 11. O-O-O $16) 11.
Qxe7+ Kxe7 12. dxc6 bxc6 13. Bxc4 Nd7 (13... Rb8 14. O-O-O) 14. O-O-O Ne5 15.
Be2 (15. Bb3 Ba6 $1) 15... g5 (15... Rb8 16. f4 Ng4 17. Bxg4 Bxg4 18. Nf3 $16)
16. h4 $1 {Technically Karpov is nearly perfect since he neatly combines the
accuracy with deep understanding of the position.} gxh4 (16... f6 17. hxg5 fxg5
18. Rh5 Kf6 19. g3 $16) 17. Rxh4 Be6 18. Rh5 Ng6 (18... Nd7 19. a3 Bd6 20. g4
$16) 19. g3 $1 (19. a3 Nf4 $1) 19... Bxc3 20. bxc3 Bxa2 21. Rd2 Be6 (21... Bb3
22. Rb2 Rhb8 23. Ra5 $16) 22. f4 {Great triumph for the true master, white has
managed to turn the tables and take full control of the dark squares.} Bd7 23.
Nf3 a5 (23... h6 24. f5 Nf8 25. Ne5 $16) 24. f5 Nf8 25. g4 a4 26. Kb2 a3+ (
26... Rb8+ 27. Ka2) 27. Ka2 Be8 (27... Rg8 28. g5 c5 29. Ne5 $18) 28. Rh6 f6
29. e5 Nd7 (29... fxe5 $2 30. f6+ Kf7 (30... Ke6 31. Ng5# (31. Bc4#)) 31. Ng5+
Kg8 32. Bc4+ $18) 30. g5 $1 {Breaking through the stronghold in an illustrious
way.} fxe5 (30... fxg5 31. Nxg5 $18) (30... Bf7+ 31. e6 $18) 31. Rxc6 Bf7+ (
31... Kf8 32. Re6 Ra5 33. c4 $16) 32. Bc4 Bxc4+ 33. Rxc4 Rac8 (33... Rhc8 34.
Rh4 Nf8 35. Nxe5 Rxc3 36. Re4 $16) 34. Ra4 $1 Rc7 (34... Ra8 35. Kxa3 Rxa4+ 36.
Kxa4 $16) (34... Rxc3 $2 35. Ra7 Rd8 36. Nxe5 $18) 35. Ra6 Rb8 36. Rh6 $1 Rxc3
(36... Nf8 37. Nxe5 Rxc3 38. Nc6+ $18) (36... Rh8 37. Re6+ Kf8 38. Nxe5 $18)
37. Rxh7+ Ke8 38. Nxe5 $1 {Small combinations in the Capablanca style, Karpov
is a very good follower of a great cuban champion.} (38. Rh8+ Ke7 39. Rxb8 Nxb8
40. Nxe5 $18) 38... Nf8 (38... Nxe5 39. Rh8+ Kf7 40. Rxb8 $18) 39. Rh8 Rg3 (
39... Rbc8 40. g6 Rc2+ 41. Rxc2 Rxc2+ 42. Kxa3 Rg2 43. f6 $18) 40. Nd7 $1 Rb2+
41. Rxb2 axb2 42. Nxf8 (42. Nxf8 Rb3 43. Kb1 $18) 1-0

[Event "Corus"]
[Site "Wijk aan Zee"]
[Date "2006.01.20"]
[Round "6"]
[White "Kamsky, Gata"]
[Black "Anand, Viswanathan"]
[Result "1-0"]
[WhiteElo "2686"]
[BlackElo "2792"]
[Annotator "Ftacnik,L"]
[PlyCount "93"]
[EventDate "2006.01.14"]
[EventType "tourn"]
[EventRounds "13"]
[EventCountry "NED"]
[EventCategory "19"]
[SourceTitle "CBM 111"]
[Source "ChessBase"]
[SourceDate "2006.04.04"]
[SourceVersion "1"]
[SourceVersionDate "2006.04.04"]
[SourceQuality "1"]

1. d4 {Huzman} d5 2. c4 dxc4 3. e4 Nf6 4. e5 Nd5 5. Bxc4 Nb6 6. Bd3 Nc6 7. Ne2
Be6 8. Nbc3 Qd7 {Anand was not yet suspecting the outcome of the battle, so he
is looking for a more challenging continuation than 8...Bc4.} (8... Bc4 9. Bxc4
Nxc4 10. Qb3 Nb6 11. e6 fxe6 12. Qxe6 Qd7 13. Qe4 O-O-O 14. O-O e6 $11 {
Van Wely,L-Shirov,A/Monte Carlo/2001/}) 9. Ne4 (9. Be4 O-O-O 10. Be3 Bf5 11.
O-O Bxe4 12. Nxe4 e6 13. a3 Be7 14. b4 (14. Qc2 {Huzman} f5 15. exf6 gxf6 16.
b4 Rhg8 17. b5 Na5 18. a4 f5 19. Nc5 Bxc5 20. dxc5 Nbc4 21. Rad1 Qg7 22. Nf4 $1
Qf7 23. b6 axb6 24. cxb6 e5 $11 {1/2-1/2 Volkov,S-David,A/Istanbul 2003/CBM 96/
[Huzman] (57)}) 14... f5 15. exf6 (15. Nc5 {Huzman} Bxc5 16. bxc5 Nd5 17. Rb1
Nce7 18. Qb3 $36 {1/2-1/2 Ramirez,C-Borges Mateos,J/Bogota 1997/EXT 98 (48)})
15... Bxf6 $14 {Van Wely - Rustemov, Moscow 2004}) 9... Bd5 (9... Nb4 10. Bb1
Bc4 11. Nc5 {'!?' Huzman.} Qg4 {'/\' Huzman.} 12. h3 $1 {'+/-!' Huzman.} Qxe2+
(12... Qxg2 13. Be4 $1 Nd3+ 14. Qxd3 Qxh1+ 15. Bxh1 Bxd3 16. Nxd3 $18) (12...
Bxe2 13. Qxe2 Qxd4 14. Be3 Qxe5 15. Qb5+ Nc6 16. Be4 $44) 13. Qxe2 Bxe2 14.
Kxe2 O-O-O 15. e6 $1 $14 {Kortschnoj - Suetin, Budva 1967}) 10. Be3 $146 {
Kamsky comes up with a novelty. The support of the center is a logical choice
and the only problem was the calculation of the possible forray of the black
queen to the square g4.} (10. O-O {Huzman} e6 11. a3 Be7 12. Qc2 f5 (12...
O-O-O 13. Rd1 Nxe5 14. Nc5 Bxc5 15. dxc5 Na8 16. Bf4 Nxd3 17. Qxd3 f6 $17 {
0-1 Dijankov,O-Nikitin,A/Orel 1997/EXT 99 (47)}) 13. exf6 gxf6 14. Be3 f5 $6
15. Nc5 Bxc5 16. dxc5 $16 {1-0 Volkov,S-Nikitin,A/Orel 1997/EXT 99 (24)}) 10...
O-O-O (10... Qg4 11. O-O Bxe4 12. f3 Bxf3 13. Rxf3 Qd7 (13... e6 14. Qc1 $18)
14. Qb3 Qd5 15. Qc3 e6 16. Raf1 $16) (10... Nb4 11. Bb1 Qg4 12. O-O (12. Nf4
Qxd1+ 13. Kxd1 e6 14. a3 Bb3+ $1) 12... Bxe4 13. f3 Bxf3 14. Rxf3 e6 15. Qc1 $1
Nc6 (15... N4d5 16. h3 Qh4 17. Bg5 Qh5 18. Ng3 $18) 16. h3 Qh4 17. Rxf7 $1 (17.
Bg5 Nxd4 18. Bxh4 Nxe2+ $19) 17... Kxf7 18. Bg5 Qh5 (18... Nxd4 19. Qf1+ $18)
19. Ng3 $18) 11. a3 Qe8 {Huzman: '/\12...Ne5,12...f5' Huzman: 'Black is trying
to do without e7-e6 to gain some time.'} (11... f6 12. Nc5 Qe8 (12... Qg4 13.
Nf4 Qxd1+ 14. Rxd1 $16) 13. e6 $1 Bxg2 14. Rg1 Bf3 15. Rg3 Qh5 $2 16. Rxf3 $1
Qxf3 17. Be4 Qg4 18. Bxc6 bxc6 19. Qd3 $18) (11... Qg4 12. O-O Bxe4 13. f3 Bxf3
14. Rxf3 $16) (11... e6 12. Rc1 Kb8 13. O-O Bxe4 14. Bxe4 Ne7 $13) 12. Qc2 {
'!' Huzman.} (12. O-O $2 Nxe5 $1) (12. Rc1 Nxe5 $2 (12... f5 $1 $15 {Huzman})
13. dxe5 Bxe4 14. Qc2 Bc6 15. Nd4 $16) 12... f5 $5 {The logical conclusion of
the Anand's play, black is trying to benefit from the attack against the g2
square.} 13. N4c3 $1 Bxg2 $1 (13... e6 14. Nxd5 Nxd5 (14... Rxd5 15. Nf4 $1)
15. Bb5 $16) 14. Rg1 Bf3 15. Bxf5+ e6 16. Bh3 $1 {A good move as pawn h7 was a
tempting object, but the real target remains the pawn on e6. Huzman: 'By
swapping the f-pawn for its "g" counterpart, Black has considerably weakened
his "e6" pawn and landed in serious trouble. Even more so, since he has no
real counterplay.'} (16. Bxh7 Qh5 (16... Nd5 $5 {Huzman} 17. Nxd5 Rxd5 18. Nf4
Nxd4 19. Bxd4 Rxd4 20. Nxe6 Rd7 21. Bf5 g6 22. Rxg6 Rxh2 23. Rg1 Rh5 $44) 17.
Be4 (17. Bg6 {Huzman} Qxh2 18. O-O-O $16) 17... Bxe4 (17... Kb8 $5) 18. Qxe4
Qxh2 19. O-O-O $16) 16... Kb8 17. Rg3 (17. Qb3 Nd5) (17. Nf4 $2 Nxd4 18. Bxd4
Rxd4 19. Nxe6 Rh4 $17) (17. O-O-O {Huzman} Qf7 18. Rg3 Bh5 19. Bg2 Bg6 $132)
17... Bxe2 $2 {Anand for some reason disliked his position and with a serie of
mediocre moves he kisses it goodbye. It is hard to explain, why he did not
conclude his concept with the transfer of the bishop to f7 with only somewhat
worse chances.} (17... Bh5 18. Qb3 Bf7 (18... Nd5 19. Nxd5 exd5 (19... Rxd5 $2
20. Bg2 $16) 20. Nf4 $14) 19. O-O-O Na5 $13) 18. Nxe2 Nd5 $2 (18... Qf7 19. Bg2
Nd5 20. Nc3 Nce7) (18... g6 $5) 19. Nc3 $1 Nxe3 $6 (19... g6) (19... Qd7 {
Huzman} 20. Nxd5 Qxd5 21. O-O-O $16 {[%cal Gh3g2]}) 20. fxe3 {Kamsky is free
of all the problems with the pawn strcuture, on the other hand black will not
be able to cope with a weakness of e6 pawn.} Qh5 (20... g6 21. O-O-O Bh6 22.
Ne4 $16) 21. Qe2 (21. Bxe6 Be7 22. Bg4 Qh6 23. O-O-O $2 Nxd4 $17) 21... Qxe2+ (
21... Qh6 22. Qg4 g6 23. O-O-O $1 (23. Qxe6 $2 Be7 24. O-O-O Bh4 25. Rf3 Nxd4
$19)) 22. Kxe2 Re8 23. Rf1 Nd8 {Black is condemned to a heroic defense of the
seriously endangered position.} 24. Ne4 (24. Rgf3 Be7) 24... g6 (24... h6 $2
25. Rg6 $18) 25. Ng5 Re7 26. Rgf3 Bh6 27. Nf7 {Gata is pulled by the prospect
of getting the e6 pawn. Very unpleasant for Anand would have been also the
continuation of the pressure with 27.Ne4.} (27. Ne4) 27... Nxf7 28. Rxf7 Rhe8
29. R1f6 a5 (29... Kc8 $1 30. Rxe6 $1 Kd8 $1 (30... Rxe6 $2 31. Rxh7) 31. Ref6
Rxf7 32. Rxf7 Re7 $16) 30. Rxe7 Rxe7 31. Rxe6 (31. Bxe6 Bg7 32. Bg8 $1 (32. e4
c6 $1 (32... Bxf6 33. exf6 Re8 (33... Rxe6 34. e5 Re8 35. f7 Rf8 36. e6) 34. e5
$18) 33. Rf7 Rxf7 34. Bxf7 Kc7 $16) 32... Re8 (32... Bxf6 33. exf6 Re8 34. f7
Rf8 35. Kf3 Kc8 36. Kf4 Kd7 37. Kg5 Ke7 38. Kh6 Kf6 39. e4 $18) 33. Bf7 Bxf6
34. Bxe8 $18) 31... Rxe6 32. Bxe6 {The bishop's ending is very difficult, but
the defensive possibilities of the defender have not been exhausted.} Bg5 (
32... Bg7 33. Bg8 h6 34. Bf7 g5 35. Kf3 Kc8 36. Ke4 Kd7 37. Kf5 Ke7 38. Bc4 Bf8
39. Kg6 $18) 33. d5 $1 (33. Bg8 $142 {Huzman} h6 34. Bf7 $18) 33... Ka7 $2 {
Probably the decisive mistake, Anand should have strived to get the king in
front of the white pawns at any cost.} (33... Be7 34. Kf3 Bc5 35. Ke4 h6 36.
Bd7 Bf8 37. Be8 Kc8 $1 (37... g5 38. Bd7) 38. Bxg6 Kd7 $16) 34. Bg8 h6 35. Bf7
Kb6 36. Bxg6 Kc5 (36... c6 37. d6 Kc5 38. Bf7 a4 (38... b5 39. b4+ $1 axb4 40.
axb4+ Kxb4 41. e6) 39. Kd3 $18) 37. Bf7 h5 38. Kd3 h4 39. h3 b5 40. Ke4 b4 {
The drawback of this move is the fact, that white will get the control of the
square c4, but the position was hopeless in any case.} (40... Kb6 41. Kf5 Bxe3
42. d6 (42. e6 Bc5 43. Be8 Be7 44. Kg6 Kc5 45. Kf7 Bg5 46. Bc6 Kd6 47. Bxb5 Bd8
48. Bc4 Bg5 49. a4 Bd8 50. b4 axb4 51. a5 $18) 42... cxd6 43. e6 $18) 41. axb4+
axb4 42. b3 Bh6 43. Bh5 Bg5 44. Be2 Bh6 (44... Kb6 45. Kf5 Bxe3 46. e6 Bc5 47.
Kf6 $18) 45. Bc4 Bg5 46. Kf5 Bxe3 47. d6 $1 {The witty tactical motive decides,
black is not able to stop the advancing white pawn.} (47. d6 cxd6 (47... Kc6
48. Bb5+ $1) 48. e6 Kc6 49. Kg6 $18 (49. Bb5+ $18)) 1-0

[Event "Hastings 9091"]
[Site "Hastings"]
[Date "1990.12.??"]
[Round "11"]
[White "Bareev, Evgeny"]
[Black "Speelman, Jonathan S"]
[Result "1-0"]
[WhiteElo "2590"]
[BlackElo "2605"]
[Annotator "Ftacnik,L"]
[PlyCount "77"]
[EventDate "1990.12.??"]
[EventType "tourn"]
[EventRounds "14"]
[EventCountry "ENG"]
[EventCategory "13"]
[SourceTitle "CBM 022"]
[Source "ChessBase"]
[SourceDate "1991.06.01"]
[SourceVersion "1"]
[SourceVersionDate "1991.06.01"]
[SourceQuality "1"]

1. d4 d5 2. c4 dxc4 3. e4 Nc6 4. Nf3 Bg4 5. Bxc4 e6 6. Bb5 Nge7 7. Nbd2 Qd6 (
7... a6 8. Be2) 8. a3 a6 9. Be2 O-O-O 10. Nc4 Qd7 11. Nce5 $1 Nxe5 12. Nxe5
Bxe2 13. Qxe2 Qe8 14. O-O f6 (14... Rxd4 15. Qe3 c5 16. b4 $1 $40) 15. Nf3 Qb5
16. Qc2 Nc6 17. Rd1 Qh5 18. Bf4 Bd6 19. d5 $1 exd5 (19... Bxf4 20. dxc6 $16)
20. Rxd5 Ne5 21. Bxe5 Bxe5 (21... fxe5 22. Rc1 c6 23. Ra5 $1 Bc7 24. Rxa6 bxa6
25. Qxc6 Qf7 26. Nxe5 Qe7 27. Qa8#) 22. Rc5 Rd7 23. Rc1 Rhd8 $5 24. h3 $1 (24.
Nxe5 $4 Rd1+ $19) 24... b6 (24... c6 25. Nxe5 fxe5 26. Rxc6+ $1 bxc6 27. Qxc6+
Kb8 28. Qb6+ Ka8 29. Qxa6+ Kb8 (29... Ra7 30. Rc8+) 30. Qb6+ Ka8 31. Rc5 $1 $18
) 25. Rc6 Bf4 26. Re1 Kb7 27. a4 Qe8 28. b4 Rd1 29. Rxc7+ $1 Bxc7 30. Rxd1
Rxd1+ 31. Qxd1 Qxe4 32. b5 $1 axb5 33. axb5 Qc4 34. Nd4 Qd5 (34... Be5 35. Nc6
$1 Qxb5 36. Qd7+ Bc7 37. Nd8+ $18) 35. Qa4 Be5 36. Nc6 Bd6 (36... Kc7 37. Qa7+
Kd6 38. Qe7#) 37. Qa7+ Kc8 38. Qa8+ Kd7 39. Qd8+ {Ftacnik,L} (39. Qd8+ Ke6 40.
Qg8+ $18) 1-0

[Event "Tilburg"]
[Site "Tilburg"]
[Date "1990.09.21"]
[Round "12"]
[White "Andersson, Ulf"]
[Black "Seirawan, Yasser"]
[Result "1-0"]
[WhiteElo "2630"]
[BlackElo "2635"]
[Annotator "Ftacnik,L"]
[PlyCount "89"]
[EventDate "1990.09.??"]
[EventType "tourn"]
[EventRounds "14"]
[EventCountry "NED"]
[EventCategory "16"]
[SourceTitle "CBM 020"]
[Source "ChessBase"]
[SourceDate "1991.02.01"]
[SourceVersion "1"]
[SourceVersionDate "1991.02.01"]
[SourceQuality "1"]

1. d4 d5 2. c4 dxc4 3. e4 e5 4. Nf3 Bb4+ 5. Bd2 (5. Nc3) 5... Bxd2+ 6. Qxd2
exd4 7. Nxd4 (7. Qxd4 Qxd4 8. Nxd4 Bd7 9. Bxc4 Nc6 10. Nxc6 Bxc6 11. Nc3 $14)
7... Nf6 8. Nc3 Qe7 9. f3 O-O (9... Be6 10. Nxe6 Qxe6 11. Qd4 Nc6 12. Qxc4 $14)
10. Bxc4 c5 11. Nde2 Rd8 12. Qe3 Be6 13. Bxe6 fxe6 14. O-O Nc6 15. Rad1 b6 16.
e5 Nd5 17. Qe4 Qf7 18. f4 Nxc3 19. bxc3 (19. Nxc3 Nd4 $132) 19... Ne7 20. Ng3
Nf5 $2 (20... g6 21. Rd6 $1) (20... Qe8 {/\ Qc6} 21. Rd6 Nd5) 21. Nxf5 exf5 (
21... Qxf5 22. Qc6 $1 Qf7 (22... Rac8 23. Rxd8+ Rxd8 24. Qc7 Rd2 25. Qb8+ Kf7
26. Qxa7+ Kg6 27. Qxb6 $16) 23. Rd6 Rac8 24. Rfd1 Rxc6 25. Rxd8+ Qf8 26. Rxf8+
Kxf8 27. Rd7 $16) 22. Qe2 h6 (22... Rd5 23. e6) 23. Rd2 Rxd2 24. Qxd2 Re8 25.
h3 Qc4 26. Rf3 $1 Re7 27. Rd3 Kh7 28. Rd6 b5 $2 (28... Qe4 $16) 29. Rc6 $1 Qe4
(29... Re6 30. Rxe6 Qxe6 31. Qd6 $18) 30. Rxc5 (30. Qd6 $2 Qe3+ $10) 30... g5
31. fxg5 Rxe5 32. Qd7+ Re7 (32... Kg6 33. Rc6+ Kxg5 34. Qg7+ $18) 33. Qxf5+
Qxf5 34. Rxf5 a6 35. gxh6 Re1+ 36. Rf1 Re2 37. Rf2 Re3 38. Rf6 a5 39. Rf5 Rxc3
40. Rxb5 Ra3 41. Rb2 Kxh6 42. Kh2 a4 43. g3 Rc3 44. h4 a3 45. Rf2 {Ftacnik,L}
1-0